| 000 | 00325nam a22001217a 4500 | ||
|---|---|---|---|
| 008 | 230621b xxu||||| |||| 00| 0 eng d | ||
| 082 |
_a328.06 _bIPU |
||
| 100 | _cIPU | ||
| 245 |
_a105th IPU Assembly and Related Meetings _bSummary Records of the Proceedings |
||
| 260 |
_aHavana _bIPU _c2001 |
||
| 300 | _a233p | ||
| 942 |
_2ddc _cBK |
||
| 999 |
_c2017 _d2017 |
||